Statistics for NFL Receiving Leaders of the 2000s

Click here to take the quiz!

General Stats

  • This quiz has been taken 117 times
  • The average score is 67 of 100

Answer Stats

YardsTeamPlayer% Correct
1,569HOUAndre Johnson
97%
1,575HOUAndre Johnson
97%
1,432CINChad Johnson
97%
1,369CINChad Johnson
97%
1,274CINChad Johnson
97%
1,355CINChad Johnson
97%
1,440CINChad Johnson
97%
1,331DETCalvin Johnson
96%
1,266TAMKeyshawn Johnson
96%
1,347MINRandy Moss
96%
1,233MINRandy Moss
96%
1,264NWERandy Moss
96%
1,632MINRandy Moss
96%
1,437MINRandy Moss
96%
1,493NWERandy Moss
96%
1,483WASSantana Moss
96%
1,602DENRod Smith
91%
1,343DENRod Smith
91%
1,220NYGSteve Smith
91%
1,563CARSteve Smith
91%
1,421CARSteve Smith
91%
1,166CARSteve Smith
91%
1,373JAXJimmy Smith
90%
1,409ARILarry Fitzgerald
90%
1,409ARILarry Fitzgerald
90%
1,431ARILarry Fitzgerald
90%
1,146INDMarvin Harrison
89%
1,413INDMarvin Harrison
89%
1,722INDMarvin Harrison
89%
1,524INDMarvin Harrison
89%
1,366INDMarvin Harrison
89%
1,272INDMarvin Harrison
89%
1,210INDReggie Wayne
83%
1,145INDReggie Wayne
83%
1,310INDReggie Wayne
83%
1,510INDReggie Wayne
83%
1,264INDReggie Wayne
83%
1,167PITHines Ward
80%
1,329PITHines Ward
80%
1,163PITHines Ward
80%
1,363STLTorry Holt
80%
1,372STLTorry Holt
80%
1,331STLTorry Holt
80%
1,696STLTorry Holt
80%
1,302STLTorry Holt
80%
1,188STLTorry Holt
80%
1,635STLTorry Holt
80%
1,189STLTorry Holt
80%
1,292STLIsaac Bruce
76%
1,471STLIsaac Bruce
76%
1,165NWEWes Welker
76%
1,348NWEWes Welker
76%
1,300SFOTerrell Owens
74%
1,451SFOTerrell Owens
74%
1,412SFOTerrell Owens
74%
1,180DALTerrell Owens
74%
1,355DALTerrell Owens
74%
1,248TAMAntonio Bryant
73%
1,382ATLRoddy White
67%
1,202ATLRoddy White
67%
1,402ARIAnquan Boldin
66%
1,203ARIAnquan Boldin
66%
1,377ARIAnquan Boldin
66%
1,295GNBDonald Driver
66%
1,221GNBDonald Driver
66%
1,208GNBDonald Driver
66%
1,199NWETroy Brown
64%
1,137SEADarrell Jackson
62%
1,167SDGVincent Jackson
62%
1,202NORMarques Colston
59%
1,292GNBGreg Jennings
53%
1,258KANTony Gonzalez
53%
1,248PITSantonio Holmes
50%
1,405CARMuhsin Muhammad
46%
1,325PITPlaxico Burress
46%
1,214NYGPlaxico Burress
46%
1,312MINSidney Rice
43%
1,399NORJoe Horn
40%
1,340NORJoe Horn
40%
1,312NORJoe Horn
40%
1,265NORJoe Horn
40%
1,325DENBrandon Marshall
38%
1,265DENBrandon Marshall
38%
1,310DETRoy Williams
38%
1,343NYGAmani Toomer
37%
1,292BUFLee Evans
32%
1,320DALMiles Austin
30%
1,598ARIDavid Boston
29%
1,303TENDerrick Mason
29%
1,289CLEBraylon Edwards
24%
1,317DENEd McCaffrey
20%
1,292BUFEric Moulds
20%
1,326BUFEric Moulds
20%
1,382GNBJavon Walker
17%
1,287TAMJoey Galloway
17%
1,174TAMKeenan McCardell
14%
1,264NYJLaveranues Coles
13%
1,204WASLaveranues Coles
13%
1,391KANDerrick Alexander
5%
1,247TENDrew Bennett
4%

Score Distribution

Percentile by Number Answered

Percent of People with Each Score

Your Score History

You have not taken this quiz